LEADER 02659nam 22005532 450 001 9910480069303321 005 20201123142619.0 010 $a1-64189-916-6 010 $a1-64189-083-5 024 7 $a10.1515/9781641890830 035 $a(CKB)4100000008780952 035 $a(MiAaPQ)EBC5841217 035 $a(DE-B1597)541572 035 $a(OCoLC)1104741803 035 $a(DE-B1597)9781641890830 035 $a(UkCbUP)CR9781641890830 035 $a(EXLCZ)994100000008780952 100 $a20201011d2019|||| uy| 0 101 0 $aeng 135 $aur||||||||||| 181 $ctxt$2rdacontent 182 $cc$2rdamedia 183 $acr$2rdacarrier 200 10$aMedieval Islamic sectarianism /$fChristine D. Baker$b[electronic resource] 210 1$aLeeds :$cArc Humanities Press,$d2019. 215 $a1 online resource (x, 106 pages) $cdigital, PDF file(s) 225 1 $aPast imperfect 300 $aTitle from publisher's bibliographic system (viewed on 20 Nov 2020). 311 0 $a1-64189-082-7 327 $tFront matter --$tContents --$tAcknowledgements and a Note on Transliteration --$tTimeline --$tIntroduction --$tChapter 1. When did Sunnism Become Orthodox? --$tChapter 2. Non-Sunni Islams Before the Tenth Century --$tChapter 3. The Fatimids and Isma'ili Shi'ism in North Africa --$tChapter 4. The Buyids and Shi?ism in Baghdad --$tConclusion: Reactions to the Shi?i Century --$tGlossary of Key Terms --$tFurther Reading 330 $aThis book asks readers to re-examine their view of the Islamic world and the development of sectarianism in the Middle East by shining a light on the complexity and diversity of early Islamic society. While Sunni Islam eventually became politically and numerically dominant, Sunni and Shi?i identities took centuries to develop as independent communities. When modern discussions of sectarianism in the Middle East reduce these identities to a 1400-year war between Sunnis and Shi?is, we create a false narrative. 410 0$aPast imperfect (ARC Humanities Press) 606 $aIslam$zMiddle East$xHistory$yTo 1500 606 $aSunnites$xRelations$xShi??ah 606 $aShi??ah$xRelations$xSunnites 606 $aIslam$xRelations 607 $aMiddle East$xReligion 615 0$aIslam$xHistory 615 0$aSunnites$xRelations$xShi??ah. 615 0$aShi??ah$xRelations$xSunnites. 615 0$aIslam$xRelations. 676 $a297.804209560902 700 $aBaker$b Christine D.$0282710 801 0$bUkCbUP 801 1$bUkCbUP 906 $aBOOK 912 $a9910480069303321 996 $aMedieval Islamic sectarianism$92457378 997 $aUNINA LEADER 01155nam a2200301 i 4500 001 991004378136107536 005 20250428161850.0 008 250428s1995 it er 001 0 ita d 020 $a8817170623 040 $aBibl. Dip.le Aggr. Studi Umanistici - Sez. Filosofia$bita$cSocioculturale Scs 041 1 $aita$hfre 082 0 $a869.09$223 100 1 $aAlcoforado, Mariana$0288158 240 10$aLettres portugaises suivi de Guilleragues par lui-même$94373992 245 10$aLettere portoghesi seguite da, Guilleragues parla di se stesso /$c[Mariana Alcoforado] ; introduzione di Frédéric Deloffre ; traduzione di Marco Vitale 246 13$aGuilleragues parla di se stesso 260 $aMilano :$bBiblioteca Universale Rizzoli,$c1995 300 $a194 p. ;$c18 cm 490 1 $aBUR. Classici ;$v1062 490 1 $aBUR. L ;$v1062 700 1 $aDeloffre, Frédéric 700 0 $aGuilleragues, Gabriel Joseph de Lavergne 700 1 $aVitale, Marco 830 0$aBUR. Classici ;$v1062 830 0$aBUR. L ;$v1062 912 $a991004378136107536 996 $aLettres portugaises suivi de Guilleragues par lui-même$94373992 997 $aUNISALENTO